000 01856cam a2200289zu 4500
001 88921919
003 FRCYB88921919
005 20251020123452.0
006 m o d
007 cr un
008 251020s2016 fr | o|||||0|0|||fre d
020 _a9782200612856
035 _aFRCYB88921919
040 _aFR-PaCSA
_bfr
_c
_erda
100 1 _aLambert, Nicolas
245 0 1 _aManuel de cartographie
_bPrincipes, méthodes, applications
_c['Lambert, Nicolas', 'Zanin, Christine']
264 1 _bArmand Colin
_c2016
300 _a p.
336 _btxt
_2rdacontent
337 _bc
_2rdamdedia
338 _bc
_2rdacarrier
650 0 _a
700 0 _aLambert, Nicolas
700 0 _aZanin, Christine
856 4 0 _2Cyberlibris
_uhttps://international.scholarvox.com/netsen/book/88921919
_qtext/html
_a
520 _aCe manuel de cartographie propose l'ensemble des outils et méthodes nécessaires pour concevoir, comprendre et interpréter des cartes. Quels fonds de cartes choisir ? Comment traiter les différents types de données ? Comment les traduire en langage cartographique ? Quelles variables visuelles (taille, forme, texture, couleur, etc.) utiliser, et pour quels effets ? Dans une approche plus critique, il permet également d'aller plus loin dans la conception cartographique, en présentant des méthodes innovantes et en détaillant les procédés de « mise en scène ». À la fin de chaque partie, un exercice de mise en pratique des notions abordées, présenté sous la forme d'un jeu, permettra de réaliser une carte finalisée.Avec plus de 120 figures inédites, de nombreux encadrés, définitions et compléments pédagogiques, cet ouvrage constitue une véritable initiation à la cartographie, perçue à la fois comme art de représenter le monde et arme de combat pour le décrypter.
999 _c1554349
_d1554349